000 00447nmm a2200157Ia 4500
008 251105s9999||||xx |||||||||||||||||und||
020 _a9789560103635
041 _aspa
100 _aMilfuegos, Neftalí
245 0 _aRáfaga y latidos
264 _a[Santiago de Chile, Chile] :
_bRil editores,
_c2016
300 _a228 páginas
650 _aLatin American narrative
856 _uhttps://public.digitaliapublishing.com/a/45777
942 _cCF
999 _c93815
_d93815